000 01035naa a22003137a 4500
001 BR6600252
003 BR-BrBNA
005 20250709164608.0
007 ta
008 250630b bl.|||m| |||| 00| 0 por d
040 _aBR-BrBNA
_bpor
_cBiblioteca Nacional de Agricultura
041 _a(Pt)
072 _aF00
_b1410
_bG514
090 _aF00 BR6600252
100 1 _aGuazzelli, R.J.
111 1 _a3. Reuniao da Comissao Brasileira de Feijao
_cRio de Janeiro, GB (Brazil)
_d25 Jul 1966
245 1 _aDesenvolvimento da cultura do feijao no estado de Pernambuco [Phaseolus vulgaris, Brasil]
500 _aRelatorio anual 1966 Rio de Janeiro, GB (Brasil): 1966. p. 27-40 (BR6600252-AMS)
650 _aFEIJAO
650 _aVARIEDADE
650 _aPLANTIO
650 _aCOMPETICAO DE VARIEDADE
650 _aVARIEDADE RESISTENTE
650 _aMELHORAMENTO VEGETAL
650 _aPERNAMBUCO
490 _aRelatorio - Comissao Brasileira de Feijao (Brazil)
942 _cAMS
_2AGRIS
909 _a202506
_bLúcia
_c55
_dLúcia Elande
999 _c332590
_d332590